000 00429cam a2200169ua 4500
020 _c3.75
041 _amal
_h
082 _a894.812308
_bMAD/LA
100 _aMadhavan, Pillai .
245 _aLaila, part 2 /
_cMadhavan pillai.
_hTextual Documents
260 _aKottayam :
_bSahitya Pravarthaka Co-operative Society ,
_c1960.
300 _a765 ; .
365 _a3.75
504 _a
942 _cBK
999 _c898
_d898